Представление документа в формате RUSMARC

ПолеНазваниеЗначение
  Тип записи a
  Библиографический уровень m
001 Контрольный номер RU/УОНБ/EK/390477895
005 Дата корректировки 20260417162312.6
010 Индекс ISBN __
d Цена 20 р.
b Уточнения в пер.
9 Тираж 2000 экз.
100 Данные общей обработки __
a Данные общей обработки 20120516d1958 k u0rusy0189||||ca
101 Язык документа 0_
a Язык текста rus
102 Страна публикации __
a Страна публикации RU
105 Кодированные данные (монография) __
a Кодированные данные (монография) y z 001yy
200 Заглавие и сведения об ответственности 1_
a Заглавие Вып. 2
203 Вид содержания и тип средства __
a Вид содержания Текст
b Характеристика содержания визуальный
c Тип средства непосредственный
c Тип средства электронный
210 Выходные данные 1_
d Дата издания 1958
215 Физическое описание __
a Объем 408, [3] с.
320 Библиография __
a Библиография Библиогр. в подстроч. примеч.
325 Примечание о копии 1_
a Текст примечания Имеется электрон. копия
9 1101595
461 Уровень набора _0
1 2001
a Краеведческие записки
f Ульяновский областной краеведческий музей
g главный редактор М. Х. Валкин
v Вып. 2
1 2101
a Ульяновск
c Приволжское книжное издательство
d 1953-
1 001RU/УОНБ/EK/390475696
1 215
d 25 см
606 Тематические рубрики 0_
a Основная рубрика Краеведение
y Географическая подрубрика Ульяновская область
610 Ключевые слова 0_
a Ключевые слова суконная промышленность
610 Ключевые слова 0_
a Ключевые слова народное хозяйство история
610 Ключевые слова 0_
a Ключевые слова ульяновцы в Великой Отечественной войне 1941-1945 гг.
610 Ключевые слова 0_
a Ключевые слова рабочие наемные история
610 Ключевые слова 0_
a Ключевые слова коллективизация
610 Ключевые слова 0_
a Ключевые слова крестьянство в Поволжье
610 Ключевые слова 0_
a Ключевые слова крестьянские восстания в Симбирской губернии
610 Ключевые слова 0_
a Ключевые слова Симбирская губерния в годы Гражданской войны
610 Ключевые слова 0_
a Ключевые слова краеведение Ульяновской области
610 Ключевые слова 0_
a Ключевые слова люцерна
610 Ключевые слова 0_
a Ключевые слова диатомиты
610 Ключевые слова 0_
a Ключевые слова Соловьев З.П.
610 Ключевые слова 0_
a Ключевые слова палеолит
675 Индекс УДК __
a Индекс УДК 91(с149)
801 Источник записи _0
a Страна RU
b Организация Ульяновская ОНБ
c Дата составления 20120516
g Правила каталогизации RCR
801 Источник записи _1
a Страна RU
b Организация Ульяновская ОНБ
c Дата составления 20120516
g Правила каталогизации RCR
900 Электронные ресурсы __
a Имя электронного ресурса KrZapiski_2
901 Тип документа __
t Тип документа n
w Контрольный № источника RU/УОНБ/EK/390475696
909 Создатель записи __
a Создатель записи Шевякова
b Дата создания записи 20120516
910 Корректоры записи __
a Корректор записи Горбункова
b Дата внесения изменения в запись 20260417
9 1101595
927 Симбирские коллекции __
a Симбирские коллекции Симбирско-Ульяновский край
935 Информация о редкой книге __
a Статус редкой книги РК
938 Служебная информация __
a Имя БД books
b Имя библиотеки УОНБ
c Имя АИБС МАРК-SQL
d Номер DOC_ID в БД 282959